000 00586nam a2200217 a 4500
005 20240924070720.0
008 010628s1999 es r 000 0 spa d
020 _a847485637X
035 _aUPN01000108979
049 _aCG
050 4 _aBD450
_bB3.2
100 1 _aBeorlegui, Carlos
245 1 0 _aAntropología filosófica /
_cCarlos Beorlegui.
260 _aBilbao, Esp. :
_bUniversidad de Deusto,
_c1999.
300 _a512 p.
440 0 _aFilosofía ;
_v28
650 4 _aAntropología filosófica
_94784
650 4 _aHumanismo
_914067
905 _aLibro
999 _c82890
_d82890